[Event "Biel"]
[Site "Biel"]
[Date "1986.07.21"]
[Round "2"]
[White "Greenfeld, Alon"]
[Black "Cebalo, Miso"]
[Result "1/2-1/2"]
[WhiteElo "2510"]
[BlackElo "2475"]
[Annotator "Dolmatov,S"]
[PlyCount "161"]
[EventDate "1986.07.20"]
[EventType "tourn"]
[EventRounds "11"]
[EventCountry "SUI"]
[EventCategory "12"]
[SourceTitle "MCL"]
[Source "ChessBase"]
[SourceDate "1999.07.01"]
[SourceVersion "1"]
[SourceVersionDate "1999.07.01"]
[SourceQuality "1"]

1. Nf3 Nf6 2. c4 c5 3. Nc3 g6 4. g3 Bg7 5. Bg2 O-O 6. O-O Nc6 7. d3 d6 8. Rb1
Ne8 (8... Nh5 9. Ne1 Bd7 10. Nc2 Qc8 11. Re1 Bh3 $10 {Barsza,G-Florian,T/HUN/
1957/}) 9. Bd2 Nc7 10. Qc1 Rb8 11. Bh6 Bd7 12. a3 a5 13. Nd5 $2 (13. Bxg7 Kxg7
14. a4 $10) 13... b5 14. Nxc7 Qxc7 15. cxb5 Rxb5 16. Bxg7 Kxg7 $15 17. d4 $6
Bf5 18. Ra1 Qb6 19. d5 Nd4 20. Qe3 Re8 21. Nd2 e5 22. Rac1 Qa6 23. Nc4 a4 24.
f3 $2 (24. Rc3 $17) 24... Rb3 25. Qf2 Nxe2+ $1 26. Qxe2 Bd3 27. Qf2 Bxc4 28.
Rfd1 Reb8 $2 (28... Bd3 $19) 29. Rxc4 Qxc4 30. Bf1 Qd4 31. Rxd4 exd4 32. Qc2
Rxb2 33. Qxa4 Rb1 34. Qa6 R8b6 35. Qc4 Ra1 $6 (35... R6b3 $1 36. a4 Rxf3 37. a5
d3 $17) 36. a4 Kf6 $2 (36... h5 $15) 37. Kg2 Rb2+ 38. Kh3 h5 39. Qa6 Kg7 {
/\Ra-a2 -+} 40. g4 Rf2 41. Bg2 Rg1 42. Qxd6 hxg4+ 43. fxg4 d3 (43... Rgxg2 44.
Qxc5 $10 (44. Qe5+ $2 f6 45. Qe7+ Kh6 46. d6 Rg1 (46... Rxh2+ 47. Kg3 Rhg2+ 48.
Kh3 $10) 47. Qe4 f5 48. Qe5 fxg4+ 49. Kh4 Rxh2+ 50. Qxh2 g5#)) 44. Qe5+ Kh7 45.
Qe3 Rgxg2 (45... d2 46. Qxf2 d1=Q 47. Qxf7+ $10) (45... Rfxg2 46. Qxd3 Rxg4 47.
Qf3 f5 48. Qe3 $10) 46. Qxd3 Rxh2+ 47. Kg3 Rhg2+ 48. Kh3 Rd2 49. Qe3 c4 50. d6
Rge2 (50... Rd3 $2 51. Qxd3 cxd3 52. d7 $18) 51. Qf3 Rf2 (51... Kg7 52. d7 $10)
52. Qe3 c3 53. Qxc3 Rxd6 54. Kg3 Rfd2 55. Kf4 R2d3 56. Qa1 Re6 57. a5 Rd7 $6 (
57... f6 58. Qh1+ (58. Qb1 g5+ 59. Kf5 Rde3 60. Qb7+ Kh6 61. Qh1+ Kg7 62. Qb7+
Re7 $19) 58... Kg7 59. Qb7+ Kf8 60. Qb8+ Re8 61. Qb4+ Re7 62. a6 (62. g5 f5 63.
a6 Rde3 $17) 62... g5+ 63. Kf5 Kf7 64. Qc4+ Kg7) 58. Qh1+ Kg7 59. Qa1+ Kg8 $2
$10 (59... f6 $17) 60. Kg5 Kh7 61. Qh1+ Kg7 62. Qh6+ Kg8 63. Qh1 Ra7 (63...
Re5+ 64. Kh6 $10) 64. Kh6 g5+ (64... Rxa5 65. g5 Kf8 66. Qb7 $10) 65. Kxg5
Rxa5+ 66. Kf4 Rf6+ 67. Kg3 Ra3+ 68. Kg2 Re6 69. Qc1 Rd3 70. Kf2 Rd5 71. Kg3 Rg6
72. Qc8+ Kh7 73. Qb7 Rf5 74. Qh1+ Kg7 75. Qa1+ Rff6 76. Qe5 Kh7 77. Qd5 Kg7 78.
Qd4 Kg8 79. Qd8+ Kh7 80. Qd5 Re6 81. Qh1+ 1/2-1/2

[Event "Dortmund SuperGM 38th"]
[Site "Dortmund"]
[Date "2010.07.22"]
[Round "7"]
[White "Mamedyarov, Shakhriyar"]
[Black "Leko, Peter"]
[Result "1-0"]
[WhiteElo "2761"]
[BlackElo "2734"]
[Annotator "Ftacnik,L"]
[PlyCount "77"]
[EventDate "2010.07.15"]
[EventType "tourn"]
[EventRounds "10"]
[EventCountry "GER"]
[EventCategory "20"]
[SourceTitle "CBM 138"]
[Source "ChessBase"]
[SourceDate "2010.09.17"]
[SourceVersion "1"]
[SourceVersionDate "2010.09.17"]
[SourceQuality "1"]

1. Nf3 Nf6 2. c4 c5 3. g3 d5 4. cxd5 Nxd5 5. Bg2 Nc6 6. Nc3 g6 7. d3 Bg7 8. Bd2
O-O 9. O-O Nc7 10. a3 {White has always struggled with his ambition to achieve
anything palpable in this line. Black has aactive pieces and hardly any
weaknesses, so his prospects to maintain the balance are rather good.} Bd7 11.
Rb1 a5 12. Na4 {The knight on a4 is rather modest piece, but the main idea is
to make playing b7-b6 more difficult.} (12. Qc1 Rc8 13. Bh6 b6 14. Bxg7 Kxg7
15. Qd2 (15. Rd1 e5 16. Nd2 Qe7 17. Nc4 Rb8 18. Ne3 Nd4 19. Qd2 a4 20. Ned5
Nxd5 21. Bxd5 Rfd8 $15 {1/2-1/2 Schlueter,Y-Zueger,B (2405)/Muerren 1987 (37)})
15... f6 16. Ne1 Be8 17. e3 Qd7 18. Nc2 Bf7 19. b3 Rfd8 20. Rfd1 Ne5 21. Qe2
Nd5 22. Nxd5 Bxd5 23. d4 Bxg2 24. Kxg2 Qb7+ 25. e4 $11 {1/2-1/2 Ljubojevic,L 
(2625)-Sokolov,A (2635)/Tilburg 1987 (28)}) (12. Be3 Ne6 13. Qd2 Ncd4 14. b4
cxb4 15. axb4 Nf5 16. Bc5 Bc6 17. g4 Nfd4 18. Nxd4 Nxd4 19. Bxc6 {1/2-1/2
Ortega,L (2495)-Sarno,S (2410)/Imperia 1996}) (12. Ne4 b6 13. Bc3 e5 14. Ned2
Rb8 15. Nc4 Qe7 16. Nfd2 Rfd8 17. a4 Be8 18. b3 Nd5 19. Ba1 Ncb4 20. Ne3 Nxe3
21. fxe3 h5 22. Nc4 $11 {1/2-1/2 Saric,A (2380)-Palac,M (2568)/Zadar 2002 (43)}
) 12... Ne6 13. Rc1 (13. Ng5 Nxg5 14. Bxg5 b6 15. Qd2 Re8 16. Nc3 Rc8 17. Nb5
Be6 18. Bh6 Bh8 19. Rfc1 a4 20. Qf4 Bb3 21. Qh4 Qd7 22. Bh3 Be6 23. Bxe6 Qxe6
24. Be3 Qb3 25. Qc4 Red8 {1/2-1/2 Espig,L (2430)-Kindermann,S (2585)/Germany
1995 (35)}) 13... b6 (13... Rb8 14. Nxc5 Bxb2 15. Nxe6 Bxe6 (15... fxe6 16. Rc4
Bxa3 17. Ng5 $1 (17. Qa1 Bd6 18. Bh6 Rf6 19. Rfc1 Rc8 $11) 17... Bb2 18. Re4
Bf6 19. Nxe6 Bxe6 20. Rxe6 Nd4 21. Re4 b5 22. e3 Nf5 23. Qb1 $14) 16. Rc2 Bb3
17. Qb1 Bxc2 18. Qxb2 Ba4 19. Bh6 $16) 14. e3 Rb8 (14... Rc8 $5 15. Qb3 Rb8 16.
Nc3 Nc7 $11) 15. Bc3 Be8 (15... Bf6 16. Bxf6 exf6 17. Nc3 Ne7 18. Ne4 Kg7 19.
Qc2 f5 20. Neg5 f6 21. Nxe6+ Bxe6 22. d4 $14) 16. Bxg7 Nxg7 $6 {Leko was
struggling in Dortmund with less than perfect form. The reason was his
tendency to choose less accurate moves at critical junctions.} (16... Kxg7 17.
Nc3 f6 18. Qc2 Bf7 19. Nh4 Qd7 20. f4 $14) 17. Nc3 {Mamedyarov has always been
stronger in tactics than in clearcut strategical thinking. Opening the centre
would have been very unpleasant for the defender with his knight on g7.} (17.
d4 $5 cxd4 18. exd4 e6 (18... Nf5 19. d5 Na7 20. g4 Nd6 21. Ne5 $16) 19. Nc3
Ne7 20. Ne5 $16) 17... e5 18. Nd2 (18. Qb3 Qxd3 19. Rfd1 Qf5 20. Rd6 Ne7 (20...
Qc8 21. Nd5 $1 Kh8 22. Qc3 $16) 21. Nh4 Qc8 22. Rxb6 $16) 18... Nf5 (18... Qxd3
19. Nde4 Qxd1 20. Nf6+ Kh8 21. Rfxd1 Ne7 22. Nd7 Bxd7 23. Rxd7 $14) 19. Nd5 (
19. Qc2 Kg7 20. Nc4 f6 $14) 19... Kg7 20. Nc4 f6 $2 {In the higher sense, a
losing move. Leko could have pushed away the knight from the central square
with 20...Nce7! solving all the problems.} (20... Nce7 $1 21. Nc3 f6 $11) 21.
Qc2 Nce7 (21... Nfe7 22. Ndxb6 $1 Rxb6 23. Nxb6 Qxb6 24. Qxc5 Qxb2 (24... Qxc5
25. Rxc5 Bd7 26. Rfc1 Rb8 27. Bxc6 Nxc6 28. Rxc6 Bxc6 29. Rxc6 Rxb2 30. Rc5 $16
) 25. Rb1 Qe2 26. d4 exd4 27. exd4 $16) (21... Rf7 22. Ncxb6 Rxb6 23. Nxb6 Qxb6
24. Qxc5 $16) 22. Ncxb6 $1 {[%mdl 1024] The transformation of the fight is
very unpleasant for Black as his pieces are ill prepared for direct
confrontation.} Rxb6 23. Nxb6 Qxb6 24. Qxc5 Qd8 (24... Qxc5 25. Rxc5 a4 26. Rc7
Rf7 27. Rfc1 Nd6 28. Ra7 Bb5 29. Rcc7 Kf8 30. d4 exd4 31. exd4 $16) 25. d4 $1
exd4 26. e4 Nh6 (26... Nd6 27. Qxd4 Nf7 28. Qxd8 Nxd8 29. Rfd1 $16) 27. Rfd1
Nc6 (27... d3 28. Rc3 $16) 28. b4 (28. f4 Ng4 29. e5 Ne3 30. Bxc6 Nxd1 31. Bxe8
Nxb2 32. exf6+ Rxf6 33. Qa7+ Kg8 34. Qb7 d3 35. Qxb2 Qxe8 36. Qxf6 Qe3+ 37. Kg2
Qxc1 38. Qd8+ $16) 28... axb4 29. axb4 d3 (29... Qb8 30. b5 Ne5 (30... Na7 31.
b6 Nc6 32. e5 Nxe5 33. Qc7+ Bf7 34. b7 $18) 31. Qc7+ Bf7 32. b6 d3 33. f4 Nd7
34. Rc6 $18) 30. Rc3 d2 $2 {The third serious omission in the game will be
fatal for the defender. Despite all the woes in the difficult position there
was a way to sacrifice the piece and fight on.} (30... Ne5 31. f4 (31. Rd2 Nhf7
32. f4 Ba4) 31... Ba4 32. Rd2 Nhf7 $1 33. fxe5 Nxe5 $14) 31. Rc2 Qb8 32. b5 Ne5
33. Qc7+ $1 {The b-pawn will be too strong, or the black piece on d7 too
vulnerable.} Bd7 (33... Qxc7 34. Rxc7+ Kg8 35. b6 $18) 34. Rdxd2 Qxb5 35. f4
Nhf7 (35... Qb1+ 36. Rc1 Qb3 37. fxe5 Qe3+ 38. Rf2 Kg8 39. Rcc2 Ng4 40. Qxd7
$18) 36. fxe5 Nxe5 37. Bf1 Qa4 38. Rc4 $1 {The last charming trick...} Qb5 (
38... Nxc4 39. Bxc4 $18) 39. Rcd4 1-0

[Event "Interpolis-02"]
[Site "Tilburg"]
[Date "1978.09.10"]
[Round "8"]
[White "Larsen, Bent"]
[Black "Huebner, Robert"]
[Result "0-1"]
[WhiteElo "2620"]
[BlackElo "2595"]
[Annotator "Ftacnik,L"]
[PlyCount "60"]
[EventDate "1978.09.01"]
[EventType "tourn"]
[EventRounds "11"]
[EventCountry "NED"]
[EventCategory "14"]
[SourceTitle "MCL"]
[Source "ChessBase"]
[SourceDate "1999.07.01"]
[SourceVersion "1"]
[SourceVersionDate "1999.07.01"]
[SourceQuality "1"]

1. c4 Nf6 2. Nf3 c5 3. Nc3 Nc6 4. g3 g6 5. Bg2 Bg7 6. O-O O-O 7. d3 (7. d4) (7.
a3) 7... a6 8. Bf4 d6 9. Qd2 Rb8 10. Bh6 b5 $10 11. Bxg7 Kxg7 12. b3 Qa5 13.
Rfd1 (13. Rad1 {/\Rfe1,e3,d4}) 13... Bb7 14. Rac1 Rfc8 $15 15. cxb5 $6 (15. e3)
15... axb5 16. d4 cxd4 17. Nxd4 Nxd4 18. Qxd4 Bxg2 19. Kxg2 Qb6 20. Qd2 (20.
Qxb6 Rxb6 {/\Rbc6-/+}) 20... Rc5 $17 21. f3 Rbc8 22. a4 $2 (22. Nb1 $17) 22...
Qa5 $19 23. axb5 Rxc3 24. b6 R8c5 $1 25. b7 Rxb3 26. Qxa5 Rxa5 27. Rc7 Nd5 28.
Rd3 Rb2 29. Rd2 Rxd2 30. b8=Q Rxe2+ (30... Rxe2+ 31. Kf1 Raa2 32. Rc1 Ne3+ $19)
0-1

[Event "Cham op"]
[Site "Cham"]
[Date "1993.??.??"]
[Round "?"]
[White "Panchenko, Alexandar G"]
[Black "Glek, Igor Vladimirovich"]
[Result "0-1"]
[WhiteElo "2515"]
[BlackElo "2535"]
[Annotator "Glek,I"]
[PlyCount "80"]
[EventDate "1993.??.??"]
[EventType "swiss"]
[EventRounds "9"]
[EventCountry "GER"]
[SourceTitle "CBM 038"]
[Source "ChessBase"]
[SourceDate "1994.02.01"]
[SourceVersion "1"]
[SourceVersionDate "1994.02.01"]
[SourceQuality "1"]

1. Nf3 Nf6 2. g3 g6 3. b3 Bg7 4. Bb2 c5 5. c4 (5. Bg2 d5 6. c4 d4 $5 7. b4 $13
{Dizdar,G-Glek,I/BL 9293/1993/}) 5... d6 6. Bg2 (6. d4 Ne4 7. Bg2 Qa5+ 8. Nfd2
(8. Nbd2 $6 Nc3 9. Bxc3 Qxc3 10. Rc1 Qa5 11. dxc5 dxc5 12. a4 O-O 13. O-O Rd8
$17 {Dizdarevic-Glek,I/Barcelona/1992/}) 8... Nxd2 9. Bc3 $1 Qb6 10. dxc5 Nxb1
$1 11. Bxg7 Qa5+ 12. Kf1 $13) 6... e5 7. O-O O-O 8. Nc3 Nc6 9. Nd5 (9. d3 Nh5
10. Nd2 f5 11. e3 Be6 12. Nd5 Qd7 $15 {Lechtynsky,J-Glek,I/BL 9192/1992/}) 9...
Nxd5 10. cxd5 Ne7 11. Ne1 f5 12. e3 b6 13. d3 Bb7 14. e4 f4 $15 15. Bh3 Bc8 16.
Bxc8 Qxc8 17. gxf4 $6 (17. Kg2 $142 {/\ f3,g4}) 17... Rxf4 18. Ng2 Qh3 $1 $17 (
18... Rf7 19. f4) 19. f3 (19. Nxf4 $2 exf4 20. Bxg7 f3 $19) 19... Rf7 {xf3} 20.
f4 $5 exf4 21. Rf3 Qh6 22. Bxg7 Kxg7 23. h4 g5 (23... Raf8 $1) 24. hxg5 Qxg5
25. Rh3 Ng6 26. Qh5 $1 h6 (26... Qxh5 27. Rxh5 {/\ Rf1, Nh4~/=}) 27. Kh1 $1 {
/\ Rg1|^} f3 $1 28. Ne3 $6 (28. Qxg5 $8 hxg5 29. Ne3 Nf4 $5 (29... Ne5 $17) 30.
Rxf3 Rh8+ 31. Kg1 Ne2+ 32. Kg2 Rh2+ $1 33. Kxh2 Rxf3 34. Nf5+ Kf6 35. Nxd6 g4
$17) 28... Qxe3 $1 (28... Nf4 29. Qxg5+ hxg5 $17) 29. Rg1 Rf6 30. Rhg3 Qg5 $3
31. Qh3 (31. Rxg5 hxg5 {/\ Rh8-+}) 31... f2 32. Rxg5 (32. Rf1 Qf4 $19) 32...
hxg5 33. Qd7+ Rf7 34. Qxd6 Rh8+ 35. Kg2 Nh4+ 36. Kf1 fxg1=Q+ 37. Kxg1 Rhf8 38.
Qe6 Rf1+ 39. Kh2 R8f2+ 40. Kh3 (40. Kg3 Rg2+ 41. Kh3 Rh1#) 40... Rh1+ (40...
Rh1+ 41. Kg4 Rg2+ 42. Kh5 Nf5#) 0-1

[Event "Liechtenstein op 16th"]
[Site "Schaan"]
[Date "1998.05.17"]
[Round "3"]
[White "Carlier, Bruno"]
[Black "Glek, Igor Vladimirovich"]
[Result "1/2-1/2"]
[WhiteElo "2395"]
[BlackElo "2565"]
[Annotator "Glek,I"]
[PlyCount "92"]
[EventDate "1998.05.15"]
[EventType "swiss"]
[EventRounds "9"]
[EventCountry "LIE"]
[SourceTitle "CBM 066"]
[Source "ChessBase"]
[SourceDate "1998.09.30"]
[SourceVersion "1"]
[SourceVersionDate "1998.09.30"]
[SourceQuality "1"]

1. Nf3 Nf6 2. g3 g6 3. b3 Bg7 4. Bb2 c5 5. c4 d6 6. Bg2 e5 7. O-O Nc6 8. Nc3
O-O 9. d3 h6 10. Nd2 Be6 11. Nd5 $5 (11. Nde4) 11... Nh7 (11... Bxd5 12. cxd5
Nb4 13. a3 Nbxd5 14. b4 $44 {Seul 2390 - R.Lau 2500, BL Germany 1992}) (11...
Rb8 12. a3 a5 13. e3 Nh7 14. Qc2 f5 15. f4 $14 {Hickl 2580 - C.Lutz 2555,
Nussloch 1996}) 12. a3 f5 13. b4 Rc8 14. b5 $5 (14. f4 $5) 14... Ne7 15. f4 g5
16. e3 Rf7 (16... Bxd5 $5) 17. Ra2 Bxd5 $5 (17... Ng6 18. Qh5 $14) 18. cxd5
exf4 19. exf4 Bxb2 20. Rxb2 gxf4 21. Nc4 $5 (21. Rxf4 Nf6 $13) (21. gxf4 Nf6
$13) 21... fxg3 (21... Nf6 22. Rxf4 Nfxd5 23. Rh4 $44) 22. hxg3 $44 Rg7 (22...
Nf6 23. Ne3 $44) 23. Qf3 $1 (23. Qe1 Ng5 $15) 23... Qd7 24. b6 $1 a6 25. Qf4
Rg6 26. Re2 Rf8 27. Rfe1 Nc8 28. Re6 Rgf6 29. Rxf6 Rxf6 30. Re6 $1 Kg7 31. Ne3
Ne7 32. Nc4 Nxd5 $5 (32... Nc8 $11) 33. Rxd6 $1 (33. Bxd5 $2 Rxe6 $17) 33...
Rxd6 34. Qxd6 Qxd6 35. Nxd6 Nxb6 36. Bxb7 a5 37. Nxf5+ Kg6 38. Nd6 Ng5 $11 39.
Ba6 Ne6 40. Kf2 Kf6 41. Bc4 Nd8 42. Ne4+ Ke5 43. Nxc5 Nxc4 44. dxc4 Kd4 45.
Nb3+ Kxc4 46. Nxa5+ Kb5 1/2-1/2

[Event "Nussloch"]
[Site "Nussloch"]
[Date "1996.??.??"]
[Round "2"]
[White "Hickl, Joerg"]
[Black "Lutz, Christopher"]
[Result "1/2-1/2"]
[WhiteElo "2580"]
[BlackElo "2555"]
[Annotator "Hecht,H"]
[PlyCount "148"]
[EventDate "1996.??.??"]
[EventType "tourn"]
[EventRounds "11"]
[EventCountry "GER"]
[EventCategory "15"]
[SourceTitle "CBM 053"]
[Source "ChessBase"]
[SourceDate "1996.08.01"]
[SourceVersion "1"]
[SourceVersionDate "1996.08.01"]
[SourceQuality "1"]

1. Nf3 {Endspiel-CD} Nf6 2. c4 g6 3. b3 Bg7 4. Bb2 O-O 5. g3 d6 6. Bg2 e5 7. d3
c5 8. O-O Nc6 9. Nc3 h6 10. Nd2 Be6 11. Nd5 Rb8 12. a3 a5 13. e3 Nh7 14. Qc2 f5
15. f4 Qd7 16. Bc3 Bf7 17. Rae1 Rbe8 18. b4 axb4 19. axb4 cxb4 20. Nxb4 Nxb4
21. Bxb4 Nf6 22. fxe5 Rxe5 23. Bc3 Re7 24. e4 Be6 25. Rb1 fxe4 26. Nxe4 Nxe4
27. Rxf8+ Bxf8 28. Bxe4 d5 29. cxd5 Bxd5 30. Bxg6 Qg4 31. Be4 Rxe4 32. dxe4
Bc5+ 33. Kf1 Qf3+ 34. Ke1 Qh1+ 35. Kd2 Qxh2+ 36. Kc1 Qxc2+ 37. Kxc2 Bxe4+ 38.
Kb2 Bxb1 39. Kxb1 {Hecht: [#] schlechter schwarzer Randbauer, ab Zug 53 L vs
L+b-Bauer, theoretisch remis} h5 40. Kc2 Bd6 41. Be1 Kf7 42. Kd3 Ke6 43. Ke4 b5
44. Kf3 Kf5 (44... Kd5 45. g4 hxg4+ 46. Kxg4 Kc4 47. Kf3 Be5 48. Ke2 Bc3 49.
Bh4 b4 50. Kd1 $10) 45. Ba5 Be7 46. Bc3 Bf6 47. Bb4 Be5 48. Ba5 Bb2 49. Bb4 Bf6
50. Ba5 Bd4 51. Bb4 Ke5 52. g4 hxg4+ 53. Kxg4 Kd5 54. Kf3 (54. Be7 $4 {
Endspiel-CD} Bc5 55. Bg5 b4 56. Kf3 b3 57. Bc1 Kc4 58. Ke2 Kc3 59. Kd1 Bd6 60.
Ke2 Kc2 $19) (54. Ba3 $4 {Endspiel-CD} Kc4 55. Kf3 Bc5 (55... Kb3 $4 56. Bf8
$10) 56. Bc1 Kd3 $19 (56... Kc3 $4 57. Ke2 Kc2 58. Bd2 $10)) 54... Kc4 (54...
Bc5 55. Ba5 $10) 55. Be7 (55. Ba5 $10) (55. Be1 $10) (55. Bf8 $4 Bc5 56. Bg7
Kd3 $19) 55... Bc5 56. Bh4 (56. Bd8 b4 57. Ke2 b3 58. Kd1 Be3 59. Bf6 $10)
56... b4 57. Ke2 b3 58. Kd1 Be3 59. Bf6 Kd3 60. Bb2 Bf4 (60... Bd4 61. Ba3 {
drohend Kc1 =}) 61. Bf6 Bd2 62. Bg7 Bf4 63. Bf6 Bg5 64. Bg7 Be3 65. Bb2 Kc4 66.
Bf6 Kb4 67. Bb2 (67. Ke2 {Endspiel-CD} Bg5 68. Bb2 $10) 67... Kc5 68. Bc1 Kd4
69. Bxe3+ Kxe3 70. Kc1 Kd3 71. Kb2 Kc4 72. Kb1 Kc3 73. Kc1 b2+ 74. Kb1 Kb3
1/2-1/2

[Event "USA-ch"]
[Site "Parsippany"]
[Date "1996.??.??"]
[Round "9"]
[White "Gulko, Boris F"]
[Black "Ivanov, Igor Vasilievich"]
[Result "1-0"]
[WhiteElo "2615"]
[BlackElo "2475"]
[Annotator "Hecht,H"]
[PlyCount "105"]
[EventDate "1996.07.13"]
[EventType "tourn"]
[EventRounds "13"]
[EventCountry "USA"]
[EventCategory "12"]
[SourceTitle "CBM 055"]
[Source "ChessBase"]
[SourceDate "1996.12.01"]
[SourceVersion "1"]
[SourceVersionDate "1996.12.01"]
[SourceQuality "1"]

1. c4 c5 2. Nf3 g6 3. d4 cxd4 4. Nxd4 Nf6 5. Nc3 Nc6 6. g3 d6 7. Bg2 Bd7 8. Nc2
Bg7 9. O-O O-O 10. Bd2 a6 11. Rb1 b5 12. cxb5 axb5 13. Nxb5 d5 14. Bg5 Bf5 15.
Nc3 e6 16. e4 dxe4 17. Qxd8 Rfxd8 18. Bxf6 Bxf6 19. Nxe4 Bg7 20. a3 Rab8 21. b4
Ne5 22. Rfd1 Rdc8 23. Ne3 Nc4 24. Nxf5 gxf5 25. Nd6 Nxd6 26. Rxd6 Rc3 27. b5
Rxa3 28. b6 Ra1 29. Rxa1 Bxa1 {[#] Riesenfreibauer b7 bindet sT+L. sK kann nur
Einbruch des wk am D-Flügel oder am K-Flügel verhindern; einfacher Sachverhalt}
30. b7 Kf8 31. Rc6 Ke7 32. Rc7+ Kf6 33. f4 Bd4+ 34. Kf1 Ba7 35. Rc8 Ke7 36. Ke2
Kd7 37. Bc6+ Kd6 38. Kd3 {[%cal Rd3a6]} Kc5 39. Bf3+ Kb6 (39... Kd6 40. Kc4 Kd7
41. Bc6+ Kd6 42. Kb5 $18) 40. h3 h6 41. g4 fxg4 42. hxg4 f6 43. Ke2 {[%csl Rh6]
[%cal Re2f1,Rf1h3,Rh3h6]} Ka6 44. Kf1 Rxb7 45. Bxb7+ Kxb7 46. Re8 Be3 47. Rxe6
Bxf4 48. Rxf6 Bg5 49. Rd6 Kc7 50. Rd3 Bf4 51. Kg2 Bd6 52. Kh3 (52. Kf3 Kd7 53.
Ke4 Ke6 54. Rxd6+ $2 (54. Rb3 $18) 54... Kxd6 55. Kf5 h5 56. g5 h4 57. Kg4 Ke6
58. Kxh4 Kf7 $10) 52... Be7 53. Kg3 1-0

[Event "Dos Hermanas"]
[Site "Dos Hermanas"]
[Date "1996.05.23"]
[Round "3"]
[White "Illescas Cordoba, Miguel"]
[Black "Anand, Viswanathan"]
[Result "0-1"]
[WhiteElo "2635"]
[BlackElo "2725"]
[Annotator "Hecht,H"]
[PlyCount "98"]
[EventDate "1996.05.21"]
[EventType "tourn"]
[EventRounds "9"]
[EventCountry "ESP"]
[EventCategory "19"]
[SourceTitle "CBM 053"]
[Source "ChessBase"]
[SourceDate "1996.08.01"]
[SourceVersion "1"]
[SourceVersionDate "1996.08.01"]
[SourceQuality "1"]

1. Nf3 Nf6 2. c4 c5 3. g3 Nc6 4. Bg2 g6 5. O-O d6 6. Nc3 Bg7 7. a3 O-O 8. Rb1
d5 9. cxd5 Nxd5 10. Ng5 e6 11. Nge4 b6 12. d3 h6 13. Bd2 Bb7 14. Nxd5 exd5 15.
Nc3 d4 16. Nd5 Rb8 17. b4 Nxb4 18. Nxb4 cxb4 19. axb4 Bxg2 20. Kxg2 Re8 21. Kg1
Rc8 22. Re1 Rc6 23. Qa4 Rce6 24. Qxa7 Rxe2 25. Rxe2 Rxe2 26. Bf4 Qd5 27. Ra1
Qb5 28. Qa8+ Re8 29. Qa3 Bf8 30. h4 g5 31. hxg5 hxg5 32. Bd2 Re2 33. Be1 Qf5
34. Qa8 Qxd3 35. Qd8 Qf3 36. Qxg5+ Bg7 37. Qd8+ Kh7 38. Qh4+ Kg6 39. Qf4 Qxf4
40. gxf4 d3 41. Rd1 Kf5 42. Kf1 Ke4 43. b5 Bd4 44. Rb1 Ra2 45. Rd1 Ra1 46. Rxa1
Bxa1 {[#] Riesenfreibauer d3, weiße B-Schwächen} 47. Bd2 Kd4 48. Be3+ (48. Ke1
Bc3 $19) 48... Kc3 49. Bxb6 Kc2 $1 (49... Kc2 50. Be3 Bd4 $19) 0-1